<?xml version="1.0" encoding="UTF-8"?><?xml-stylesheet type="text/xsl" href="static/style.xsl"?><OAI-PMH xmlns="http://www.openarchives.org/OAI/2.0/" xmlns:xsi="http://www.w3.org/2001/XMLSchema-instance" xsi:schemaLocation="http://www.openarchives.org/OAI/2.0/ http://www.openarchives.org/OAI/2.0/OAI-PMH.xsd"><responseDate>2026-04-17T06:47:29Z</responseDate><request verb="GetRecord" identifier="oai:www.recercat.cat:2072/457095" metadataPrefix="marc">https://recercat.cat/oai/request</request><GetRecord><record><header><identifier>oai:recercat.cat:2072/457095</identifier><datestamp>2026-03-13T07:44:43Z</datestamp><setSpec>com_2072_98</setSpec><setSpec>col_2072_378192</setSpec></header><metadata><record xmlns="http://www.loc.gov/MARC21/slim" xmlns:dcterms="http://purl.org/dc/terms/" xmlns:xsi="http://www.w3.org/2001/XMLSchema-instance" xmlns:doc="http://www.lyncode.com/xoai" xsi:schemaLocation="http://www.loc.gov/MARC21/slim http://www.loc.gov/standards/marcxml/schema/MARC21slim.xsd">
   <leader>00925njm 22002777a 4500</leader>
   <datafield ind2=" " ind1=" " tag="042">
      <subfield code="a">dc</subfield>
   </datafield>
   <datafield ind2=" " ind1=" " tag="720">
      <subfield code="a">Wehr, Christian</subfield>
      <subfield code="e">author</subfield>
   </datafield>
   <datafield ind2=" " ind1=" " tag="260">
      <subfield code="c">2021</subfield>
   </datafield>
   <datafield ind2=" " ind1=" " tag="520">
      <subfield code="a">En Tire dié (1960), el primer documental del legendario Instituto de Cinematografía de la Universidad del Litoral, el director argentino Fernando Birri desarrolla varios procedimientos y técnicas que crean una objetividad casi fotográfica, un nuevo perspectivismo fílmico y, al mismo tiempo, un universalismo icónico. Mediante esas innovaciones, Birri evoca una representatividad de la temática social que trasciende el caso concreto. Los tres niveles están estrechamente vinculados con el tema del ferrocarril y se analizarán a partir de las puestas en escena del medio de transporte.</subfield>
   </datafield>
   <datafield ind2=" " ind1=" " tag="520">
      <subfield code="a">In Tire dié (1960), the first documentary film to come out of the legendary Instituto de Cinematografía de la Universidad del Litoral, the Argentinian director Fernando Birri develops cinematic processes and techniques that not only create a quasi-photographic objectivity of representation and an innovative filmic perspectivism. They also conjure up a pictorial universalism which suggests that the socio-critical themes of the film move beyond their specific context. Within the film, these three levels are closely linked to the topos of the train and will be examined based on how this medium of transportation is staged and enacted throughout.</subfield>
   </datafield>
   <datafield tag="653" ind2=" " ind1=" ">
      <subfield code="a">Documental</subfield>
   </datafield>
   <datafield tag="653" ind2=" " ind1=" ">
      <subfield code="a">Encuesta social</subfield>
   </datafield>
   <datafield tag="653" ind2=" " ind1=" ">
      <subfield code="a">Ferrocarril</subfield>
   </datafield>
   <datafield tag="653" ind2=" " ind1=" ">
      <subfield code="a">Perspectivismo fílmico</subfield>
   </datafield>
   <datafield tag="653" ind2=" " ind1=" ">
      <subfield code="a">Fórmula de pathos</subfield>
   </datafield>
   <datafield tag="653" ind2=" " ind1=" ">
      <subfield code="a">Documentary cinema</subfield>
   </datafield>
   <datafield tag="653" ind2=" " ind1=" ">
      <subfield code="a">Social critique</subfield>
   </datafield>
   <datafield tag="653" ind2=" " ind1=" ">
      <subfield code="a">Train</subfield>
   </datafield>
   <datafield tag="653" ind2=" " ind1=" ">
      <subfield code="a">Filmic perspectivity</subfield>
   </datafield>
   <datafield tag="653" ind2=" " ind1=" ">
      <subfield code="a">Pathosformel / "pathos formula"</subfield>
   </datafield>
   <datafield ind2="0" ind1="0" tag="245">
      <subfield code="a">Encuesta social, medio de transporte y perspectiva fílmica en Tire dié (1960), de Fernando Birri</subfield>
   </datafield>
</record></metadata></record></GetRecord></OAI-PMH>